00661nam a2200169 a 4500008004100000020001500041050001600056100001800072245008700090260003800177300001700215350000900232700002000241995008900261999001700350952012400367120416s0000 ||||||||||||||||| || u a1856042049 aZ 674.4 Pro aPinder, Chris10aProviding customer-oriented services in academic librariescedited by Chris Pinder aLondonbLibrary Associationc1996 axviii, 187p. a0.00 aMelling, Maxine D0.00FCBU-MAIN LIBRARY (Kitwe)H1I390.00M1UAVAILABLEZAnnex Low-Usage Collection  c55203d55203 00102lcc4070a001b001cAnnex Low-Usage Collection d2022-11-30l0oZ 674.4 Prop021782r2022-11-30w2022-11-30y002